Marketingový plán vybraného podniku diplomová práca

Na minha lista:
Detalhes bibliográficos
Autor principal: Mačičková, Andrea
Autor Corporativo: Fakulta podnikového manažmentu EU. Katedra manažmentu
Outros Autores: Čambalíková, Andrea, 1990-
Formato: Livro
Idioma:eslovaco
Publicado em: Bratislava 2025
Tags: Adicionar Tag
Sem tags, seja o primeiro a adicionar uma tag!

MARC

LEADER 00000nbm a2200000 4500
001 0309900
005 20251217135719.3
041 0 |a slo 
044 |a SK 
245 1 0 |a Marketingový plán vybraného podniku  |b diplomová práca  |c Andrea Mačičková ; školiteľ: Andrea Čambalíková 
264 1 |a Bratislava  |c 2025 
300 |a 79 s. 
100 1 |a Mačičková, Andrea 
700 1 |a Čambalíková, Andrea, 1990- 
710 2 |a Fakulta podnikového manažmentu EU. Katedra manažmentu